000 00942nam2a2200265 4500
001 RU\NLR\bibl\157852
005 20250618052806.0
035 _a(NLR Aleph) 000154816
090 _a889261
_c889261
100 _a20010524d1998 |||y0rusy50 ca
101 0 _arus
102 _aRU
105 _ay |||||||||
200 0 _a(Ч. 3)
210 _d1998
_aБ. м.
215 _a208 с.
225 1 _a...
_vN° 7
461 0 _1001RU\NLR\bibl\160423
_12001#$aВопросы местного самоуправления$v(Ч. 3)
_9904483
_cСПб.
_d1998
_f[Подгот. В.С. Ивановым и др.]
_nЦентр компьютер. разраб.
_oСб. документов
_tВопросы местного самоуправления
_v(Ч. 3)
801 0 _aRU
_bNLR
_c20010524
_gPSBO
801 1 _aRU
_bNLR
_c20010524
852 _aNLR
_j2000-3/15785
942 _cBOOK
980 _aNB